| 000 | 00819cab a2200253 4500 | ||
|---|---|---|---|
| 001 | ABS52720 | ||
| 008 | 090401t1995 xxu||||| |||| 00| 0 eng d | ||
| 035 | _a(Sirsi) u92886 | ||
| 041 | _aeng | ||
| 100 | _aButler, J. | ||
| 245 | 4 | _aThe development cycle | |
| 260 | _c1995 | ||
| 350 | _a0 | ||
| 490 |
_aEstates Gazette _v(9517) 29 April 1995, 119-120(2) |
||
| 520 | _aA potted history of boom to bust property cycles experienced in the UK and US since industrialisation, concluding that the cycle is inevitable and that commentators are mainly wise after the event. | ||
| 650 | _aPROPERTY COLLAPSE | ||
| 650 | _aPROPERTY CYCLES | ||
| 650 | _aPROPERTY MARKET | ||
| 650 | _aUNITED STATES | ||
| 690 | _aPROPERTY-PROPERTY DEVELOPMENT | ||
| 690 | _aECONOMIC AND SOCIAL | ||
| 942 | _n0 | ||
| 948 | _c04/03/1997 | ||
| 999 |
_c58876 _d58876 |
||